Sister and brother : lesbians and gay men write about their lives together /

Shranjeno v:
Bibliografske podrobnosti
Main Authors: Nestle, Joan (Author), Preston, John (Author)
Format: Knjiga
Jezik:angleščina
Izdano: London : Cassell, c1995
Izdaja:First published in the UK 1995
Oznake: Označite
Brez oznak, prvi označite!

MARC

LEADER 00000nam a22000007i 4500
001 IT\ICCU\UBO\1829048
003 ItRI
005 20260115231815.0
008 020913s1995 xxk|||||| ||||| |||||c
020 |a 0304334839 
040 |b ita  |c importazione bologna sebina 
041 7 |a eng  |2 ISO-639-2 
100 1 |a Nestle, Joan  |0 IT\ICCU\UBOV\689109  |4 aut 
245 1 0 |a Sister and brother :  |b lesbians and gay men write about their lives together /  |c edited by Joan Nestle and John Preston. 
250 |a First published in the UK 1995 
260 |a London :  |b Cassell,  |c c1995 
300 |a 341 p. ;  |c 21 cm. 
700 1 |a Preston, John  |0 IT\ICCU\UFIV\053968  |4 aut 
942 |2 ddc  |c BK  |n 0 
952 |0 0  |1 0  |4 0  |6 DOC_306_766000000000000_NES  |7 0  |9 13088  |a BO  |b BO  |d 2026-01-15  |i 3592  |l 0  |o DOC 306.766 NES  |p BO3592  |r 2026-01-15 23:18:15  |w 2026-01-15  |x [Sebina 5] [1 v.]  |y BK  |z 1 v. 
999 |c 11217  |d 11217